000
00219nam a22000977a 4500
082
_a
823
_b
DAV/C
100
_a
DAVID, PILKEY
245
_a
CAPTAIN UNDERPANTS
246
_a
CAPTAIN UNDERPANTS
_b
CAPTAIN UNDERPANTS
942
_c
BK
999
_c
8384
_d
8384